• 首页
  • 本馆介绍
  • 公告通知
  • 最新文献
  • 馆藏检索
  • 电子资源
  • 读者导购
  • 参考咨询
  • 我的图书馆
  • 登录
  • 详细信息显示
  • 放入我的书架
  • 预约/预借图书
  • 作者相关作品
  • 分类相关作品
  • 丛书相关作品
  • 出版社相关作品

书目信息

  • 表格格式
  • 工作单格式
  • 卡片格式
题名:
21世纪中小学黑板报手册
    
 
作者: 颜海强 主编
分册:  
出版信息: 北京   人民美术出版社  2002
页数: 310页
开本: 13×19cm
丛书名:
单 册:
中图分类: G241.1 , J522
科图分类:
主题词: 黑板报--版面--设计--中小学--手册 , 黑板报--图案设计--中小学--手册 , 工艺美术--中国
电子资源:
ISBN: 7-102-02391-X
000 00897nam0 2200265 450
001 1559443242
005 20150117163152.71
010    @a7-102-02391-X@dCNY18.00
100    @a20020808d2002 cd y0chiy0110 ea
101 0  @achi
102    @aCN@b110000
105    @aa gz 000yy
200 1  @a21世纪中小学黑板报手册@921 shi ji zhong xiao xue hei ban bao shou ce@f颜海强等主编
210    @a北京@c人民美术出版社@d2002
215    @a310页@d13×19cm
304    @a封面题:颜海强等编著
330    @a本书包括“黑板报的编排艺术”、“黑板报的版式图案”、“刊头、题图、插图、尾花、花边”、“文字资料汇编”、“彩色黑板报作品选”等内容。
606 0  @a黑板报@x版面@x设计@x中小学@j手册
606 0  @a黑板报@x图案设计@x中小学@j手册
606 0  @a工艺美术@x中国
690    @aG241.1@v5
690    @aJ522@v4
701  0 @a颜海强@9yan hai qiang@4主编
801  0 @aCN@bTSSF@c20150117
905    @aZUCC@dJ522@eJY6
    
    21世纪中小学黑板报手册/颜海强等主编.-北京:人民美术出版社,2002
    310页;13×19cm
    
    
    ISBN 7-102-02391-X:CNY18.00
    本书包括“黑板报的编排艺术”、“黑板报的版式图案”、“刊头、题图、插图、尾花、花边”、“文字资料汇编”、“彩色黑板报作品选”等内容。
●
相关链接 在E读中查询图书 在五车中查询图书 在当当中查询图书 在豆瓣中查询图书


正题名:21世纪中小学黑板报手册     索取号:J522/JY6         预约/预借

序号 登录号 条形码 馆藏地/架位号 状态 备注
1 7853054   278530546   学院路分馆/ [索取号:J522/JY6] 在馆    
2 7853055   278530555   学院路分馆/ [索取号:J522/JY6] 在馆    
3 7853056   278530564   学院路分馆/ [索取号:J522/JY6] 在馆    
4 7853057   278530573   学院路分馆/ [索取号:J522/JY6] 在馆    
唐山师范学院图书馆 欢迎您!
大连网信软件有限公司© 版权所有